Les 50... Races de Chiens - Statistiques

Statistiques générales
  • Ce quiz a été pris 1 361 fois
  • Le résultat moyen est 24 sur 50
Statistiques - réponses
Par images Réponse % Correct
Dalmatien
97%
Berger Allemand
96%
Husky
94%
Saint-Bernard
90%
Teckel
90%
Berger Australien
89%
Chihuahua
85%
Labrador
83%
Caniche
82%
Beagle
78%
Golden Retriever
75%
Border Collie
72%
Jack Russel
72%
Carlin
70%
Cocker Anglais
70%
Rottweiler
69%
Bouledogue Français
67%
Boxer
64%
Chow Chow
64%
Bulldog Anglais
63%
Akita
58%
Pitbull
54%
Epagneul breton
53%
Basset Hound
49%
Berger Blanc Suisse
48%
Fox Terrier
48%
Levrier Afghan
47%
Bull Terrier
46%
Dobermann
43%
Terre-Neuve
41%
Colley
39%
Beauceron
37%
Shar-pei
34%
Pékinois
31%
Dogue Argentin
28%
Pomsky
18%
Braque Allemand
17%
Setter Anglais
16%
Puli
15%
Saint Hubert
15%
Shih Tzu
15%
Barzoï
14%
Komondor
8%
American Staffordshire Terrier
6%
Greyhound
3%
Griffon Bruxellois
2%
Berger Yougoslave
1%
Jindo Coréen
1%
Lakeland Terrier
1%
Brachet Allemand
0%
Aucun quiz correspondant
Distribution des résultats
% des personnes avec chaque résultat
Percentile par nombre de réponses
Votre historique - résultats
Vous n’avez pas pris ce quiz